[Event "5th EKA IIFL Investment 2019"]
[Site "Mumbai"]
[Date "2020.01.05"]
[Round "7.11"]
[White "Abdisalimov, Abdimalik"]
[Black "Aleksandrov, Aleksej"]
[Result "1-0"]
[WhiteElo "2381"]
[BlackElo "2592"]
[Annotator "TA"]
[PlyCount "145"]
[EventDate "2019.12.30"]
[EventType "swiss"]
[EventCountry "IND"]
[SourceTitle "playchess.com"]
[Source "ChessBase"]
[SourceQuality "1"]

{[%evp 12,145,16,16,0,-29,-30,-19,-29,-53,-45,-39,0,-8,54,51,48,42,71,48,77,73,120,134,185,182,168,174,178,138,196,130,169,164,229,152,163,168,170,162,161,154,217,200,259,229,308,292,309,314,286,297,306,261,304,295,287,282,281,281,301,293,281,262,253,254,262,258,293,294,294,287,329,310,295,287,285,269,269,222,379,370,370,370,354,319,306,306,471,285,285,244,579,557,520,406,554,541,29967,811,811,811,805,761,800,792,783,771,766,749,608,292,29972,29973,29973,29974,29972,12827,29972,29973,29971,29976,29976,29977,29975,29978,29980,29981,29981,29982,29982,29983,29983,29983,29984,29984]} 1. c4 e6 2. d4 Nf6 3. Nc3 Bb4 4. e3 O-O 5. Bd3 d5 6. Nf3 c5 7. cxd5 exd5 {E53: Nimzo-Indian: Rubinstein: Main Line (4...0-0 5 Nf3 d5 6 Bd3 c5 7 0-0)} 8. O-O c4 (8... cxd4 9. Nxd4 Nc6 10. Nxc6 bxc6 11. Na4 Bd6 12. h3 Qe7 13. Bd2 c5 14. Rc1 Bb7 15. b3 Qe5 16. f4 Qe7 17. Nc3 Rac8 {0-1 (41) Le,Q (2715)-Nakamura,H (2763) chess.com INT 2018}) 9. Bc2 Bg4 {The position is equal.} 10. a3 Bxc3 11. bxc3 Nc6 12. Qe1 Re8 ({Black should play} 12... Ne4 $11) 13. Nh4 $1 $14 Na5 $146 ({Predecessor:} 13... Ne7 14. f3 Bd7 15. g4 h6 16. Qg3 Qb8 17. Qg2 {1-0 (33) Varela,D (2210)-Furtado,A (2131) Banfield 2002}) 14. f3 Bh5 15. e4 Nb3 16. Rb1 Nxc1 17. Rxc1 ({Much worse is} 17. Qxc1 $6 dxe4 18. Rxb7 exf3 $11) 17... Qa5 (17... dxe4 $16 18. fxe4 Bg6) 18. e5 $18 Bg6 19. Qd2 Nd7 20. a4 Nb6 (20... Bxc2 $16 21. Qxc2 Nb6) 21. Ra1 (21. Nxg6 $18 fxg6 22. Ra1) 21... Bd3 22. Rfb1 Rad8 (22... Qa6 $142 23. Rb5 Bxc2 24. Qxc2 Rad8) 23. Rb4 Qa6 24. Bxd3 cxd3 25. Nf5 h6 26. Rd1 $40 {[%mdl 128] White goes for the king.} Nxa4 (26... Rd7 $16 27. Qxd3 Nc4) 27. Nd6 {And now Ra1 would win.} ({Much less strong is} 27. Qxd3 $6 Qxd3 28. Rxd3 Nb6) 27... Rxd6 28. exd6 {Hoping for Ra1.} Nb6 {White should prevent ...Re2.} 29. Qxd3 Qa3 30. d7 Nxd7 31. Rxb7 Nf6 32. Rbb1 g6 33. c4 Qxd3 34. Rxd3 dxc4 {[%mdl 4096] Endgame KRR-KRN} 35. Rc3 Nd5 36. Rxc4 Re2 37. Rbc1 Rd2 38. R1c2 Rd3 39. Ra2 h5 40. Rcc2 Rxd4 41. Rd2 Rxd2 42. Rxd2 {KR-KN} Nb4 43. Rd4 a5 44. Rd8+ Kg7 45. Ra8 Nc6 $2 (45... h4 {might work better.} 46. Rxa5 Nd3) 46. Ra6 Nd4 47. Rxa5 Kf6 48. Kf2 Nf5 49. g3 Nd6 (49... Ke6 {keeps fighting.} 50. g4 hxg4 51. fxg4 Ne7) 50. Rc5 Nf5 51. Ke2 Nd4+ $2 (51... Ke6 {is a better chance.} 52. Kd3 Kd6) 52. Ke3 Ne6 53. Ra5 Ng7 54. Ke4 Nf5 {[#]} 55. Ra6+ (55. Rxf5+ $142 $1 {[%mdl 512]} gxf5+ 56. Kf4 Kg6 57. Ke5 h4 58. gxh4 f4 59. Kxf4 Kh5 60. Kf5) 55... Kg7 56. Ke5 Ne3 57. Rc6 Nf5 58. Rc7 Ne3 59. h3 Nf5 60. g4 hxg4 61. hxg4 (61. fxg4 $142 Nh4 62. Rc3) 61... Nh6 $2 (61... Nh4 $18 62. f4 Nf3+ 63. Ke4 Nh2) 62. Ra7 Kf8 63. Kd6 Kg7 64. Rb7 (64. Ra5 $142 Kh8 65. g5 Nf5+ 66. Rxf5 $1 {[%mdl 512]} gxf5 67. Ke5 Kh7 68. Kxf5 Kh8 69. Kf6) 64... Kf6 65. Rb5 {White mates.} Kg7 66. g5 Nf5+ {[#]} 67. Rxf5 $1 {[%mdl 512]} gxf5 {[#] KPP-KPP} 68. Ke5 $1 Kg6 69. f4 Kh7 70. Kxf5 Kg7 71. Ke4 Kf8 72. Ke5 Kg7 73. Kf5 {Accuracy: White = 78%, Black = 39%.} 1-0

[Event "5th EKA IIFL Investment 2019"]
[Site "Mumbai"]
[Date "2020.01.05"]
[Round "7.12"]
[White "Eraschenkov, Denis"]
[Black "David, Alberto"]
[Result "1/2-1/2"]
[WhiteElo "2370"]
[BlackElo "2562"]
[Annotator "TA"]
[PlyCount "177"]
[EventDate "2019.12.30"]
[EventType "swiss"]
[EventCountry "IND"]
[SourceTitle "playchess.com"]
[Source "ChessBase"]
[SourceQuality "1"]

{[%evp 16,177,23,12,62,61,72,79,77,45,77,81,71,54,72,87,131,104,118,118,165,146,153,149,173,169,153,136,122,136,133,131,120,132,129,79,135,126,125,127,143,82,95,90,74,59,119,70,167,83,140,133,140,140,139,124,155,129,151,134,137,140,142,118,157,133,145,160,183,129,157,156,203,201,225,229,217,210,225,211,207,203,197,184,198,170,164,106,110,97,110,67,98,110,102,68,76,67,114,114,114,109,125,125,137,116,218,175,313,310,320,306,314,292,271,0,296,302,406,398,398,398,1097,803,1866,1755,1850,1754,1607,0,1612,1591,1531,1509,1492,1356,1531,1322,1531,354,12762,12783,6881,1542,3292,1703,12147,11278,5065,1174,5073,8,8,0,0,0,0,0,0,0,0,0,0,0]} 1. Nf3 Nf6 2. c4 e6 3. g3 d5 4. Bg2 Be7 5. O-O O-O 6. b3 c5 7. Bb2 Nc6 8. cxd5 Nxd5 9. d4 Bf6 {A14: English Opening: 1...e6 with b3 by White} (9... cxd4 10. Nxd4 Bd7 11. Na3 Bf6 12. Rc1 Nxd4 13. Bxd4 Bc6 14. Nc4 Nb4 15. Bxf6 Qxf6 16. Qd2 Bxg2 17. Kxg2 Nc6 18. Rfd1 {½-½ (47) Rapport,R (2735)-Dominguez Perez,L (2760) Dortmund 2019}) 10. e4 Ndb4 {[%cal Rf6d4]} 11. a3 Na6 {[%cal Rc5d4] White is better.} 12. e5 Be7 13. Nbd2 {[%cal Bb1d2,Bd2c4,Bc4e3][%mdl 32]} cxd4 14. Nc4 $36 {[%cal Rf3d4][%mdl 2048] White has the initiative.} d3 $146 ({Predecessor:} 14... Qc7 15. Rc1 Qb8 16. Nxd4 Rd8 17. Nxc6 bxc6 {1-0 (31) Ramirez Alvarez,A (2586)-Bryant,J (2398) Phoenix 2015}) 15. Rc1 {[%mdl 1024] White has strong compensation.} Na5 16. Ne3 Nc6 17. Rc3 Qe8 18. b4 Nc7 19. Qxd3 {aiming for b5.} a6 20. Rd1 Nd5 21. Rc4 Bd7 22. Nd2 Rd8 23. Rcc1 Bc8 24. Qe2 Nxe3 25. fxe3 Qd7 (25... f6 $142) 26. Ne4 Qc7 27. Rf1 Qb6 28. Kh1 ({White should play} 28. Nf6+ Kh8 29. Be4 Bxf6 30. exf6) 28... Qb5 29. Qxb5 $1 axb5 30. Rfd1 Bd7 (30... Rxd1+ $14 31. Rxd1 Rd8 32. Rxd8+ Bxd8) 31. Kg1 Rfe8 (31... Nb8 $14) 32. Bf1 (32. Nd6 $18 {is more deadly.} Bxd6 33. exd6) 32... Nb8 (32... Na7 $142) 33. Nc3 $16 Bc6 34. Nxb5 Rxd1 35. Rxd1 Kf8 36. Kf2 Nd7 37. Rc1 Rd8 38. Na7 Be4 39. Rc8 Nb6 40. Rxd8+ Bxd8 41. Bd4 Nd7 42. Nb5 ({White should try} 42. Bb5 $18 Nb6 43. Bf1) 42... f6 43. exf6 gxf6 44. Nd6 Bh1 45. Bg2 Bxg2 46. Kxg2 $18 {[%mdl 4096] Endgame KBN-KBN} b6 47. Kf3 Ke7 48. Nb5 e5 49. Bc3 f5 50. a4 Ke6 51. a5 (51. g4 $18) 51... bxa5 $16 52. bxa5 {Strongly threatening a6.} Nc5 53. Na3 Bc7 54. Bb4 Na6 55. Bd2 (55. Be1 {feels hotter.} Kd5 56. Nb5 Bd8 57. e4+ fxe4+ 58. Ke3) 55... Kd5 $1 56. Nc2 Bd6 57. e4+ fxe4+ 58. Ke2 $1 Bc5 59. Be3 Be7 {[#]} 60. Bb6 $1 Bg5 (60... Nb8 $16 {was worth a try.}) 61. Ne3+ $18 Ke6 (61... Kc6 $142 62. Nd1 Nc5) 62. Nd1 Kf5 63. Nc3 Nb4 64. Bc5 Na6 65. Bb6 Nb4 66. h3 h5 67. Nb5 Be7 68. Nc7 Bd8 $2 {[#]} (68... Nc6 69. a6 Bd6) 69. Nd5 $1 {[%mdl 512]} Nxd5 70. Bxd8 {KB-KN} Nb4 71. Be7 Na6 72. Bd8 $2 (72. Ke3 $18 {Threatens to win with g4+!} Nc7 {[#]} 73. g4+ $1 {[%mdl 512]} Ke6 74. Bf8 (74. Kxe4 hxg4 75. hxg4 Kxe7 $11) (74. gxh5 Nd5+ 75. Kd2 Nxe7 $11) 74... hxg4 75. hxg4) 72... Nc5 $2 {[%mdl 8192]} (72... Nb4 $11 73. Kd2 Ke6) 73. Bb6 Na6 74. Be3 Nc7 75. Kd2 Ke6 76. g4 hxg4 77. hxg4 Kf6 $2 (77... Kd7 78. Bh6 Nd5) 78. Bb6 Na6 79. Bd8+ (79. Ke3 $142 Nb8 80. Kxe4) 79... Ke6 80. Ke3 Kd5 81. g5 Nc5 82. Be7 {Bxc5 would kill now.} Ne6 83. a6 $2 (83. g6 $18 Ng7 84. a6 Nf5+ 85. Ke2) 83... Kc6 $1 $11 {The position is equal.} 84. g6 Nf4 $1 85. a7 Kb7 86. g7 Nd5+ 87. Kxe4 {[%mdl 64] Double Attack} Nxe7 88. Kxe5 Kxa7 89. Ke4 {Accuracy: White = 67%, Black = 43%.} 1/2-1/2

[Event "5th EKA IIFL Investment 2019"]
[Site "Mumbai"]
[Date "2020.01.05"]
[Round "7.13"]
[White "Gholami, Aryan"]
[Black "Ameir, Moheb"]
[Result "1/2-1/2"]
[WhiteElo "2541"]
[BlackElo "2363"]
[Annotator "ChessBase"]
[PlyCount "91"]
[EventDate "2019.12.30"]
[EventType "swiss"]
[EventCountry "IND"]
[SourceTitle "playchess.com"]
[Source "ChessBase"]
[SourceQuality "1"]
[TimeControl "40/5400+30:1800+30"]

1. Nf3 {[%emt 0:00:00]} c5 {[%emt 0:00:00]} 2. e4 {[%emt 0:00:00]} Nc6 {[%emt 0:01:23]} 3. Bb5 {[%emt 0:00:00]} g6 {[%emt 0:00:11]} 4. O-O {[%emt 0:00:05]} Bg7 {[%emt 0:00:09]} 5. Re1 {[%emt 0:00:27]} Nf6 {[%emt 0:00:17]} 6. Nc3 {[%emt 0:01:06]} O-O {[%emt 0:01:33]} 7. e5 {[%emt 0:00:53]} Ne8 {[%emt 0:01:26]} 8. Bxc6 {[%emt 0:00:41]} dxc6 {[%emt 0:06:29]} 9. h3 {[%emt 0:00:38]} Nc7 {[%emt 0:01:29]} 10. d3 {[%emt 0:00:23]} Ne6 {[%emt 0:01:32]} 11. Ne4 {[%emt 0:09:33]} b6 {[%emt 0:06:44]} 12. Neg5 {[%emt 0:11:34]} h6 {[%emt 0:11:48]} 13. Nxe6 {[%emt 0:01:17]} Bxe6 {[%emt 0:00:02]} 14. b3 {[%emt 0:01:10]} a5 {[%emt 0:02:02]} 15. a4 {[%emt 0:00:25]} Ra7 {[%emt 0:05:07]} 16. Bb2 {[%emt 0:02:15]} Qc8 {[%emt 0:10:16]} 17. Qe2 {[%emt 0:01:29]} Bd5 {[%emt 0:05:12]} 18. Nd2 {[%emt 0:03:59]} Kh7 {[%emt 0:12:05]} 19. Rad1 {[%emt 0:14:07]} Rb7 {[%emt 0:10:59]} 20. c4 {[%emt 0:03:49]} Be6 {[%emt 0:02:49]} 21. Nf3 {[%emt 0:01:07]} Re8 {[%emt 0:04:57]} 22. d4 {[%emt 0:03:13]} cxd4 {[%emt 0:00:57]} 23. Nxd4 {[%emt 0:01:05]} Rd8 {[%emt 0:04:51]} 24. Nxe6 {[%emt 0:01:55]} Rxd1 {[%emt 0:01:45]} 25. Ng5+ {[%emt 0:07:42]} hxg5 {[%emt 0:00:06]} 26. Rxd1 {[%emt 0:00:05]} Qe6 {[%emt 0:01:30]} 27. Bd4 {[%emt 0:06:20]} b5 {[%emt 0:00:56]} 28. axb5 {[%emt 0:01:58]} cxb5 {[%emt 0:00:01]} 29. cxb5 {[%emt 0:00:51]} Qxb3 {[%emt 0:00:59]} 30. b6 {[%emt 0:00:05]} a4 {[%emt 0:01:15]} 31. Ra1 {[%emt 0:03:34]} Rd7 {[%emt 0:01:24]} 32. Qb2 {[%emt 0:01:03]} Qc4 {[%emt 0:04:27]} 33. Bc3 {[%emt 0:03:10]} Rb7 {[%emt 0:00:24]} 34. g3 {[%emt 0:00:56]} e6 {[%emt 0:01:23]} 35. Bd4 {[%emt 0:02:04]} Bf8 {[%emt 0:00:16]} 36. Rc1 {[%emt 0:00:20]} Qd5 {[%emt 0:00:44]} 37. Rc7 {[%emt 0:00:16]} a3 {[%emt 0:00:10]} 38. Qc3 {[%emt 0:00:20]} a2 {[%emt 0:00:50]} 39. Rxb7 {[%emt 0:00:29]} Qxb7 {[%emt 0:00:01]} 40. Kh2 {[%emt 0:00:00]} Qe4 {[%emt 0:00:00]} 41. Qb2 {[%emt 0:26:57]} Ba3 {[%emt 0:10:47]} 42. Qxa3 {[%emt 0:04:40]} Qxd4 {[%emt 0:00:28]} 43. Qxa2 {[%emt 0:00:05]} Qxb6 {[%emt 0:00:04]} 44. Qe2 {[%emt 0:00:07]} Qd4 {[%emt 0:01:27]} 45. Qf3 {[%emt 0:00:11]} Kg8 {[%emt 0:00:21]} 46. Qf6 {[%emt 0:00:06]} 1/2-1/2

[Event "5th EKA IIFL Investment 2019"]
[Site "Mumbai"]
[Date "2020.01.05"]
[Round "7.14"]
[White "Manik, Mikulas"]
[Black "Debashis, Das"]
[Result "1-0"]
[WhiteElo "2378"]
[BlackElo "2523"]
[Annotator "ChessBase"]
[PlyCount "65"]
[EventDate "2019.12.30"]
[EventType "swiss"]
[EventCountry "IND"]
[SourceTitle "playchess.com"]
[Source "ChessBase"]
[SourceQuality "1"]
[TimeControl "40/5400+30:1800+30"]

1. e4 {[%emt 0:00:00]} c5 {[%emt 0:00:00]} 2. Nf3 {[%emt 0:00:00]} d6 {[%emt 0:00:20]} 3. d4 {[%emt 0:00:00]} cxd4 {[%emt 0:00:11]} 4. Nxd4 {[%emt 0:00:00]} Nf6 {[%emt 0:00:03]} 5. Nc3 {[%emt 0:00:00]} a6 {[%emt 0:00:11]} 6. Be3 {[%emt 0:00:00]} e6 {[%emt 0:02:53]} 7. Be2 {[%emt 0:00:54]} Be7 {[%emt 0:01:06]} 8. f4 {[%emt 0:02:00]} Qc7 {[%emt 0:00:09]} 9. a4 {[%emt 0:01:18]} Nc6 {[%emt 0:00:21]} 10. O-O {[%emt 0:00:34]} O-O {[%emt 0:00:08]} 11. Kh1 {[%emt 0:03:57]} Re8 {[%emt 0:00:13]} 12. g4 {[%emt 0:14:37]} Nxd4 {[%emt 0:23:31]} 13. Bxd4 {[%emt 0:02:49]} e5 {[%emt 0:00:06]} 14. Be3 exf4 {[%emt 0:00:47]} 15. Bxf4 {[%emt 0:01:40]} Bf8 {[%emt 0:01:56]} 16. Bf3 {[%emt 0:08:57]} Be6 {[%emt 0:02:07]} 17. g5 {[%emt 0:05:12]} Nd7 {[%emt 0:01:38]} 18. Nd5 {[%emt 0:01:51]} Qa5 {[%emt 0:08:14]} 19. b4 {[%emt 0:07:56]} Qd8 {[%emt 0:00:09]} 20. a5 {[%emt 0:00:03]} Rc8 {[%emt 0:00:57]} 21. Ra3 {[%emt 0:06:28]} Ne5 {[%emt 0:17:49]} 22. Bg2 {[%emt 0:03:08]} Ng6 {[%emt 0:08:52]} 23. Bc1 {[%emt 0:06:14]} Kh8 {[%emt 0:01:35]} 24. Bh3 {[%emt 0:07:27]} Rc4 {[%emt 0:04:05]} 25. Bf5 {[%emt 0:16:10]} Nh4 {[%emt 0:06:35]} 26. Bxe6 {[%emt 0:02:41]} fxe6 {[%emt 0:01:11]} 27. Qh5 {[%emt 0:00:18]} Rxe4 {[%emt 0:13:40]} 28. g6 {[%emt 0:01:56]} Nxg6 {[%emt 0:01:17]} 29. Bg5 {[%emt 0:00:03]} Qd7 {[%emt 0:01:48]} 30. Rh3 {[%emt 0:00:58]} h6 {[%emt 0:02:29]} 31. Bxh6 {[%emt 0:06:37]} gxh6 {[%emt 0:00:36]} 32. Qxg6 {[%emt 0:00:05]} Bg7 {[%emt 0:00:32]} 33. Nf6 {[%emt 0:00:42]} 1-0

[Event "5th EKA IIFL Investment 2019"]
[Site "Mumbai"]
[Date "2020.01.05"]
[Round "7.15"]
[White "Nigmatov, Ortik"]
[Black "Kulkarni, Vikramaditya"]
[Result "1/2-1/2"]
[WhiteElo "2467"]
[BlackElo "2328"]
[Annotator "TA"]
[PlyCount "144"]
[EventDate "2019.12.30"]
[EventType "swiss"]
[EventCountry "IND"]
[SourceTitle "playchess.com"]
[Source "ChessBase"]
[SourceQuality "1"]

{[%evp 15,144,23,31,27,57,55,109,72,80,83,41,62,129,8,12,-45,-47,-35,-43,-42,-29,-119,-117,-143,-157,-244,-254,-247,-237,-208,-63,-83,-13,-19,0,-11,-14,-150,-101,-90,-104,-83,67,56,114,152,202,104,105,110,111,110,238,227,238,237,221,231,635,655,757,757,1245,1242,818,20,22,22,22,27,27,8,8,8,20,0,0,0,8,0,0,0,0,0,0,0,0,0,0,0,0,0,8,8,8,8,8,0,0,0,8,0,0,0,0,0,0,0,0,0,0,0,0,0,0,0,8,8,8,8,8,-8,-8,-8,-8,-8,-8,-8,-8,-8,-8]} 1. Nf3 e6 2. c4 d5 3. e3 c5 4. cxd5 exd5 5. d4 Nc6 6. Nc3 Nf6 7. Be2 a6 8. O-O Bf5 9. b3 {D32: Tarrasch Defence: Sidelines and lines without g3} Rc8 10. Bb2 b5 (10... Be6 $14) 11. Ne5 $146 {White is better.} ({Predecessor:} 11. Re1 c4 12. bxc4 bxc4 13. e4 dxe4 14. Bxc4 Be7 15. Ng5 O-O 16. Ncxe4 h6 17. Nxf6+ Bxf6 18. Nf3 Nxd4 19. Bxf7+ Rxf7 20. Bxd4 Bc2 21. Qd2 Bxd4 {½-½ (21) Ostoich,M (2101)-Garnier,R (2253) Tacuari 2018}) 11... c4 12. bxc4 bxc4 13. Bf3 Qb6 (13... Nb4 $14) 14. Qc1 (14. Nxd5 $16 Nxd5 15. Nxc4) 14... Nb4 $1 $11 15. a3 (15. Ba3 $11) 15... Nd3 $15 16. Nxd3 cxd3 17. Qd2 Bd6 18. g3 (18. Bxd5 $11 {keeps the balance.} Nxd5 19. Nxd5) 18... O-O $17 19. Bg2 Ne4 20. Bxe4 (20. Nxe4 $17 dxe4 21. Bc3) 20... dxe4 $19 21. f3 exf3 22. Rxf3 {[#]} Bh3 (22... Bg6 $1 $19 23. Rb1 Rc4) 23. Rf2 $15 h5 (23... Rc6 $17 {next ...Qb8 is good for Black.} 24. Qd1 (24. Qxd3 Qb3 $15) 24... Qb7) 24. Qxd3 $11 f5 25. Rc1 h4 26. gxh4 (26. e4 $1 $11 fxe4 27. Nxe4 Qxb2 {[%mdl 64] Double Attack} 28. Rxc8 Qa1+ 29. Rf1 Bxf1 30. Rxf8+ Bxf8 31. Qxf1 Qxd4+ 32. Nf2) 26... Qd8 27. e4 ({Of course not} 27. Qxa6 $6 Bb8 $11) 27... Qxh4 28. e5 Bb8 ({Better is} 28... Be7 $17) 29. Ne2 $1 $36 {[%mdl 2048] White has good play.} f4 (29... Rxc1+ $14 30. Bxc1 Rd8) 30. Rxc8 Qg5+ 31. Kh1 (31. Qg3 $18 Qxg3+ 32. hxg3 Bxc8 33. Rxf4 (33. Nxf4 Rf7 $18)) 31... Bxc8 $16 32. Qb3+ {[%mdl 64] [#] Double Attack} Kh7 33. Qxb8 Bf5 (33... Qh4 $16 {was worth a try.} 34. Kg1 Qg4+ 35. Rg2 Qh4) 34. Qb7 $18 Rb8 35. Qg2 Qxg2+ 36. Kxg2 Be4+ $2 (36... Rxb2 37. Nxf4 Rb3) 37. Kg1 Rxb2 38. Nc3 Rxf2 39. Kxf2 {[%mdl 4096] Endgame KB-KN} Bh1 40. Ne2 $2 (40. d5 $18 {Threatens to win with d6.} Kg6 41. Ne2) 40... g5 $11 41. h4 Kg6 42. hxg5 Kxg5 43. Nc3 {Hoping for d5.} Kf5 {The position is equal.} 44. Ke2 Bg2 45. a4 a5 46. Kd2 Bh3 47. Nd1 Bg2 48. Kd3 Bf1+ 49. Kc3 Ke6 50. Nb2 {Black should prevent Nd3.} Kd5 51. Nd3 f3 52. Nf2 Ba6 53. Ng4 Bc8 54. Nf6+ Ke6 55. Kd3 Bb7 56. Ke3 Bc6 57. Kf2 Bb7 58. Ke3 Bc6 59. Nh5 Bxa4 60. Nf4+ Kf5 61. Kxf3 Bd1+ 62. Ke3 a4 {And now ...a3 would win.} 63. Nd3 a3 {Strongly threatening ...a2.} 64. Nc1 Ba4 65. Kd3 Bd7 66. Kc4 a2 67. Nxa2 Be6+ 68. Kc5 Bxa2 69. Kd6 Ke4 70. Kc5 Bb3 71. e6 Bxe6 72. d5 Bxd5 {Accuracy: White = 50%, Black = 53%.} 1/2-1/2

[Event "5th EKA IIFL Investment 2019"]
[Site "Mumbai"]
[Date "2020.01.05"]
[Round "7.16"]
[White "Czebe, Attila"]
[Black "Mirzoev, Azer"]
[Result "1/2-1/2"]
[WhiteElo "2392"]
[BlackElo "2451"]
[Annotator "TA"]
[PlyCount "172"]
[EventDate "2019.12.30"]
[EventType "swiss"]
[EventCountry "IND"]
[SourceTitle "playchess.com"]
[Source "ChessBase"]
[SourceQuality "1"]

{[%evp 9,172,8,21,10,20,13,18,4,28,18,27,0,0,0,0,0,0,0,0,0,5,0,0,0,0,0,0,0,0,0,0,-31,58,56,45,8,15,0,83,46,82,22,21,29,26,20,12,12,7,11,10,9,10,10,9,9,31,7,5,12,27,8,25,25,36,30,29,27,22,16,25,31,22,16,18,7,14,0,0,0,0,0,0,0,0,0,0,0,0,0,0,0,0,0,0,0,0,0,0,0,0,0,0,0,0,0,0,0,0,0,0,0,0,0,0,0,0,0,0,0,0,0,0,0,0,0,0,0,0,0,0,0,0,0,0,0,0,0,0,0,16,16,16,0,35,20,45,0,0,0,0,0,0,0,0,0,0,0,0,0,0,0,0,0,0]} 1. Nf3 d5 2. b3 Bg4 3. Bb2 e6 4. e3 (4. g3 Nd7 5. Bg2 Ngf6 6. O-O Be7 7. h3 Bh5 8. d3 O-O 9. g4 Bg6 10. Nh4 Ne8 11. Nxg6 hxg6 12. c4 c6 13. cxd5 exd5 14. Nd2 {½-½ (74) Anton Guijarro,D (2685)-Aronian,L (2775) Moscow 2019}) 4... Nd7 5. h3 Bh5 6. d3 {A06: Réti Opening:1 Nf3 d5} c6 7. Nbd2 h6 8. e4 Ngf6 9. e5 $146 ({Predecessor:} 9. Qe2 Qa5 10. e5 Bxf3 11. Qxf3 {1-0 (30) Czebe,A (2475)-Cibickova,Z (2312) Dunajska Streda 2017}) 9... Nh7 10. g4 Bg6 11. h4 h5 12. Nd4 hxg4 13. Qxg4 Nxe5 14. Qe2 $1 {[%cal Re2e5]} Nd7 15. h5 $36 {[%mdl 2048] Black is under pressure.} Nhf6 $1 {[%cal Rh8h5]} ({Inferior is} 15... Ng5 16. Bg2 $18) 16. hxg6 Rxh1 17. gxf7+ Kxf7 18. Qxe6+ Kg6 19. Qf5+ Kf7 $1 20. O-O-O Qe8 (20... Bc5 $15) 21. Qf3 $14 {[%mdl 1024] White has compensation.} Rg1 22. Qh3 Kg8 23. Qh2 Rg4 (23... Rg6 $1 $11) 24. N2f3 Qb8 {[#] aiming for ...Qxh2.} 25. Qxb8 ({Better is} 25. Bh3 $1 $16) 25... Rxb8 $11 26. Bh3 Re8 27. Bxg4 Nxg4 28. Rg1 Ndf6 29. Nf5 Re2 30. Bd4 c5 $1 {[%cal Rc5d4]} 31. Bxf6 Nxf6 32. Rg2 Re8 33. Kd1 b6 34. Rg1 a6 35. N3h4 Re6 36. Ng6 Ne8 37. Rg5 d4 38. a4 a5 39. Nf4 Rf6 40. Nd5 Re6 41. Ng3 Be7 42. Nxe7+ Rxe7 {[%mdl 4096] Endgame KRN-KRN} 43. Rd5 Re6 44. Rd8 Kf7 45. Ne4 {[#] And now Ng5+ would win.} Ke7 46. Rb8 Kd7 47. Ng5 Rf6 48. Ke2 Nc7 49. Rg8 Ne6 50. Ne4 Rg6 51. Nd2 Nf4+ 52. Kf1 Nd5 53. Nc4 {Threatens to win with Ne5+.} Kc7 54. Ra8 Nb4 55. Na3 Kb7 56. Re8 Kc7 57. Re7+ Kd6 58. Rb7 Kc6 59. Rf7 Kd5 60. Re7 Kd6 61. Ra7 Kd5 62. f3 Rf6 63. Kf2 g6 64. Kg3 Re6 65. Rg7 Ke5 66. Rf7 Kd5 67. Nb5 {Nc7+ is the strong threat.} Rc6 68. Na3 Ke6 69. Rb7 Kf6 70. Kf2 Re6 71. Nc4 Nd5 72. Nd2 Ne3 73. Ne4+ Ke5 74. c4 Kf4 (74... g5 {keeps more tension.} 75. Kg3 Nf1+ 76. Kg4 Nh2+ 77. Kg3 Nf1+) 75. Rf7+ Nf5 76. Nf6 Kg5 77. Nd5 Ne3 78. Rd7 (78. Kg3 {is more complex.} Nf5+ 79. Kh3 Kh6 80. f4 Ng7 81. Rf8) 78... Nxd5 {The position is equal.} 79. cxd5 {KR-KR} Rf6 80. Kg3 Kf5 $1 81. Rd8 g5 82. Rd7 Ke5 83. Kg4 Rf4+ 84. Kg3 Rf8 85. Kg4 Rf4+ 86. Kg3 Rf6 {Accuracy: White = 68%, Black = 69%.} 1/2-1/2

[Event "5th EKA IIFL Investment 2019"]
[Site "Mumbai"]
[Date "2020.01.05"]
[Round "7.17"]
[White "Krishnater Kushager"]
[Black "Shyaamnikhil P"]
[Result "1/2-1/2"]
[WhiteElo "2386"]
[BlackElo "2458"]
[Annotator "ChessBase"]
[PlyCount "78"]
[EventDate "2019.12.30"]
[EventType "swiss"]
[EventCountry "IND"]
[SourceTitle "playchess.com"]
[Source "ChessBase"]
[SourceQuality "1"]
[TimeControl "40/5400+30:1800+30"]

1. e4 {[%emt 0:00:00]} c5 {[%emt 0:00:17]} 2. Nf3 {[%emt 0:00:00]} d6 {[%emt 0:00:29]} 3. d4 {[%emt 0:00:00]} cxd4 {[%emt 0:00:04]} 4. Nxd4 {[%emt 0:00:00]} Nf6 {[%emt 0:00:05]} 5. Nc3 {[%emt 0:00:00]} a6 {[%emt 0:00:08]} 6. h3 {[%emt 0:00:00]} e5 {[%emt 0:03:36]} 7. Nb3 {[%emt 0:00:00]} Be7 {[%emt 0:00:08]} 8. g4 {[%emt 0:00:07]} h6 {[%emt 0:00:05]} 9. Be3 {[%emt 0:00:13]} Nbd7 {[%emt 0:03:33]} 10. a4 {[%emt 0:00:22]} b6 {[%emt 0:00:46]} 11. Qf3 {[%emt 0:00:18]} Bb7 {[%emt 0:05:28]} 12. h4 {[%emt 0:00:06]} Rc8 {[%emt 0:05:20]} 13. g5 {[%emt 0:00:04]} hxg5 {[%emt 0:08:53]} 14. hxg5 {[%emt 0:00:13]} Rxh1 {[%emt 0:00:11]} 15. Qxh1 {[%emt 0:00:09]} Ng4 {[%emt 0:00:18]} 16. Qh8+ {[%emt 0:17:35]} Nf8 {[%emt 0:03:10]} 17. Bh3 {[%emt 0:14:42]} Nxe3 {[%emt 0:01:29]} 18. fxe3 {[%emt 0:00:07]} Rxc3 {[%emt 0:11:30]} 19. bxc3 {[%emt 0:00:04]} Bxg5 {[%emt 0:00:08]} 20. O-O-O {[%emt 0:06:14]} Bxe3+ {[%emt 0:05:03]} 21. Kb2 {[%emt 0:00:04]} Bh6 {[%emt 0:01:12]} 22. Bf1 {[%emt 0:06:55]} Ke7 {[%emt 0:13:30]} 23. Bd3 {[%emt 0:03:31]} a5 {[%emt 0:08:06]} 24. Nd2 {[%emt 0:01:00]} Bxd2 {[%emt 0:09:25]} 25. Rxd2 {[%emt 0:00:09]} Ne6 {[%emt 0:00:06]} 26. Qh4+ {[%emt 0:05:55]} Kd7 {[%emt 0:01:17]} 27. Qh5 {[%emt 0:03:26]} Qf6 {[%emt 0:01:25]} 28. Qh8 {[%emt 0:02:09]} Kc7 {[%emt 0:04:23]} 29. Rh2 {[%emt 0:02:58]} Qd8 {[%emt 0:08:25]} 30. Qh5 {[%emt 0:00:23]} Qe7 {[%emt 0:00:40]} 31. Qh7 {[%emt 0:06:56]} d5 {[%emt 0:05:33]} 32. exd5 {[%emt 0:05:20]} Bxd5 {[%emt 0:00:06]} 33. Bb5 {[%emt 0:00:03]} Bb7 {[%emt 0:01:07]} 34. Rd2 {[%emt 0:00:20]} Bc8 {[%emt 0:00:23]} 35. Qe4 {[%emt 0:05:03]} Nd8 {[%emt 0:00:05]} 36. Qc4+ {[%emt 0:00:25]} Qc5 {[%emt 0:00:37]} 37. Qe4 {[%emt 0:01:23]} Qe7 {[%emt 0:00:07]} 38. Qc4+ {[%emt 0:05:35]} Kb8 {[%emt 0:00:25]} 39. Qd5 {[%emt 0:00:42]} Kc7 1/2-1/2